MLB Top 5 NL MVP Voting 1910s - Statistics

General Stats
  • This quiz has been taken 16 times
    6 since last reset
  • The average score is 12 of 20
Answer Stats
Year Team Player % Correct
1911: 2 Giants Christy Mathewson
100%
1913: 4 Giants Christy Mathewson
100%
1911: 3 Pirates Honus Wagner
100%
1912: 2 Pirates Honus Wagner
100%
1912: 4 Cubs Joe Tinker
100%
1914: 1 Braves Johnny Evers
100%
1913: 3 Braves Rabbit Maranville
100%
1914: 2 Braves Rabbit Maranville
100%
1913: 2 Phillies Gavy Cravath
67%
1911: 3 Phillies Grover Alexander
67%
1914: 3 Braves Bill James
33%
1911: 1 Cubs Frank Schulte
33%
1914: 3 Giants George Burns
33%
1912: 3 Giants Jack Meyers
33%
1913: 5 Giants Jack Meyers
33%
1913: 1 Dodgers Jake Daubert
33%
1911: 3 Giants Larry Doyle
33%
1912: 1 Giants Larry Doyle
33%
1912: 5 Reds Bob Bescher
0%
1914: 5 Cardinals Dots Miller
0%
No matching quizzes found
Score Distribution
Percent of People with Each Score
Percentile by Number Answered
Your Score History
You have not taken this quiz since the last reset